00481nam a2200157 a 4500008004100000020001500041050001500056100001900071245008400090250001200174260003300186300003100219350000900250500004900259650001500308090325s2005 ||||||||||||||||| || u a0340900989 aBF 121 Gro aGross, Richard10aPsychology: the science of the mind and behaviour. -- 5th ed.cby Richard Gross a5th ed. aLondon:bHodder Arnoldc2005 axiii, 1007p.: ill + CD-ROM a0.00 aAccompanied by a CD-ROM. (See Cybrary staff) 3aPSYCHOLOGY